00954nam a2200253 a 450000100060000000300080000600500170001400800410003103500190007204000360009104100080012708200260013510000350016124501090019626000370030530000330034249000410037565000420041665000270045883000520048594200120053799900170054995201340056671081BD-RjUL20211209082057.0170424s1952 enka b 000 0 eng d a(BD-RjUL)71296 aDLC/ICUcCGUdEQOdBD-RjULbeng aeng04a016.532223bREB 19521 aRedding, Thomas Henry.921031512aA bibliographical survey of flow through orifices and parallel-throated nozzles /cThomas Henry Redding. aLondon :bChapman & Hall,c1952. aix, 196 p. :bill. ;c26 cm.1 aB.S.I.R.A. Research publicationvM.9 0aBibliography xFluid dynamics9210316 0aFluid dynamics9210316 0aB.S.I.R.A. research publication ;vM.9.9210318 2ddccBK c71081d71081 00102ddc40718NFICaRUCLbRUCLcReadingd1956-11-02eABCg26.60l0o016.532 REB 1952r2017-04-24 00:00:00tC-1w2021-12-09yBK